A review of microgeneration and renewable energy technologies (Record no. 110501)

MARC details
000 -LEADER
fixed length control field 01117cad a22002655a 4500
001 - CONTROL NUMBER
control field E149447
008 - FIXED-LENGTH DATA ELEMENTS--GENERAL INFORMATION
fixed length control field 100308s2008 xxko f 000 0 eng d
020 ## - INTERNATIONAL STANDARD BOOK NUMBER
International Standard Book Number 9781848060104
035 ## - SYSTEM CONTROL NUMBER
System control number (Sirsi) u149447
041 0# - LANGUAGE CODE
Language code of text/sound track or separate title eng
100 1# - MAIN ENTRY--PERSONAL NAME
Personal name Fisher, James
245 02 - TITLE STATEMENT
Title A review of microgeneration and renewable energy technologies
Medium [electronic resource]
260 ## - PUBLICATION, DISTRIBUTION, ETC.
Place of publication, distribution, etc. Amersham
Name of publisher, distributor, etc. NHBC Foundation
Date of publication, distribution, etc. 2008
490 #0 - SERIES STATEMENT
Series statement NF
Volume/sequential designation 7
520 ## - SUMMARY, ETC.
Summary, etc. Presents research carried out by the BRE into the various available technologies for cutting carbon emissions, and discusses their cost-effectiveness and other related issues.
521 2# - TARGET AUDIENCE NOTE
Target audience note Advanced
651 #4 - SUBJECT ADDED ENTRY--GEOGRAPHIC NAME
Geographic name United Kingdom
Chronological subdivision
690 ## - LOCAL SUBJECT ADDED ENTRY--TOPICAL TERM (OCLC, RLIN)
Topical term or geographic name as entry element BUILT ENVIRONMENT-SUSTAINABLE CONSTRUCTION
690 ## - LOCAL SUBJECT ADDED ENTRY--TOPICAL TERM (OCLC, RLIN)
Topical term or geographic name as entry element ENVIRONMENTAL AND LAND CONSULTANCY-ENERGY-ENERGY USE-ENERGY EFFICIENCY
700 2# - ADDED ENTRY--PERSONAL NAME
Personal name Jessop, Chris
700 2# - ADDED ENTRY--PERSONAL NAME
Personal name McGuire, Karen
700 1# - ADDED ENTRY--PERSONAL NAME
Personal name Waddelove, Andrew
856 40 - ELECTRONIC LOCATION AND ACCESS
Uniform Resource Identifier <a href="https://www.nhbcfoundation.org/LinkClick.aspx?fileticket=UzYVWRQW%2fTY%3d&tabid=339&mid=774&language=en-GB">https://www.nhbcfoundation.org/LinkClick.aspx?fileticket=UzYVWRQW%2fTY%3d&tabid=339&mid=774&language=en-GB</a>
Public note View the report free of charge (PDF file) at www.nhbcfoundation.org...
942 ## - ADDED ENTRY ELEMENTS (KOHA)
Suppress in OPAC 0
Holdings
Withdrawn status Lost status Source of classification or shelving scheme Damaged status Not for loan Home library Current library Shelving location Date acquired Total Checkouts Full call number Barcode Date last seen Copy number Price effective from Koha item type
    Dewey Decimal Classification     Virtual Virtual Online 08/03/2010   ONLINE PUBLICATION 149447-2001 06/08/2019 1 06/08/2019 Book